Responsabilidad penal por imprudencia médica: un examen práctico de los principales problemas para la determinación del cuidado debido

Guardado en:
Detalles Bibliográficos
Autor principal: Vargas Pinto, Tatiana (Autor)
Formato: Libro
Lenguaje:español
Publicado: Santiago Ediciones DER 2017
Edición:1a. ed
Colección:Monografías
Materias:
Etiquetas: Agregar Etiqueta
Sin Etiquetas, Sea el primero en etiquetar este registro!

MARC

LEADER 00000cam a2200000 a 4500
001 UCC2541
003 CL-VaPUC
008 180309e20170000cl |||||||||||||||||spa|d
020 |a 9789569959141 
082 0 4 |a 344.0411  |b VAR  |2 21 
100 0 |a Vargas Pinto, Tatiana  |e author  |9 596604 
245 1 0 |a Responsabilidad penal por imprudencia médica: un examen práctico de los principales problemas para la determinación del cuidado debido 
250 |a 1a. ed 
300 |a 120 p 
942 |c BK 
945 |d 20180309 22:06:00  |a dcastane 
260 |a Santiago  |b Ediciones DER  |c 2017 
650 0 |a Responsabilidad médica   |9 357519 
650 0 |a Responsabilidad penal  |9 254899 
650 0 |a Jurisprudencia  |9 255952 
583 |a last modification  |c 20180309 22:06:00  |k Rodrigo Vera 
490 0 |a Monografías 
999 |c 370619  |d 370617 
952 |0 0  |1 0  |3 erb  |4 0  |6 344_041100000000000_VAR_2017  |7 0  |8 A  |9 487165  |a BIBDER  |b BIBDER  |i 5453763  |o 344.0411 VAR 2017  |p 5453763  |r 2023-01-25  |w 2019-11-24  |y BK  |z Catalogado en:20180309  |k DER